• 首页
  • 本馆介绍
  • 公告通知
  • 最新文献
  • 馆藏检索
  • 电子资源
  • 读者导购
  • 参考咨询
  • 我的图书馆
  • 登录
  • 详细信息显示
  • 放入我的书架
  • 预约/预借图书
  • 作者相关作品
  • 分类相关作品
  • 丛书相关作品
  • 出版社相关作品

书目信息

  • 表格格式
  • 工作单格式
  • 卡片格式
题名:
大学生安全实用知识
    
 
作者: ;中国高等教育学会保卫学专业委员会 编
分册:  
出版信息: 武昌   华中师范大学出版社  1992
页数: 213页
开本: 20cm
丛书名:
单 册:
中图分类: G415
科图分类:
主题词: 思想政治教育--学校教育 , 德育--学校教育
电子资源:
ISBN: 7-5622-0863-8
000 00784nam0 2200217 450
001 0760633329
005 20070710110202.04
010    @a7-5622-0863-8@dCNY5.00
100    @a20070705d1992 km y0chiy0120 ea
101 0  @achi
102    @aCN
200 1  @a大学生安全实用知识@Ada xue sheng an quan shi yong zhi shi@f中国高等教育学会保卫学专业委员会编@Fzhong guo gao deng jiao yu xue hui bao wei xue zhuan ye wei yuan hui bian
210    @a武昌@c华中师范大学出版社@d1992@h1996
215    @a213页@d20cm
300    @a入学必读
606 0  @a思想政治教育--学校教育
606 0  @a德育--学校教育
690    @aG415@v3
711 02 @a中国高等教育学会保卫学专业委员会@Azhong guo gao deng jiao yu xue hui bao wei xue zhuan ye wei yuan hui@4编
801  0 @aCN@bPFT@c20070710
905    @a10447@dG415@e27
    
    大学生安全实用知识/中国高等教育学会保卫学专业委员会编.-武昌:华中师范大学出版社,1992(1996)
    213页;20cm
    入学必读
    
    ISBN 7-5622-0863-8:CNY5.00
    
●
相关链接 在E读中查询图书 在五车中查询图书 在当当中查询图书 在豆瓣中查询图书


正题名:大学生安全实用知识     索取号:G415/27         预约/预借

序号 登录号 条形码 馆藏地/架位号 状态 备注
1 0765459   207654590   第一样本阅览室/ [索取号:G415/27] 在馆    
2 0765617   207656179   密集书库/ [索取号:G415/27] 在馆    
唐山师范学院图书馆 欢迎您!
大连网信软件有限公司© 版权所有